000 00243nam a22000977a 4500
082 _a658 MEM'O
245 _aTHE MEMORY JOGGER ,A POCKET GUIDE OF TOOLS FOR CONTINUOUS IMPROVEMENT
260 _aLAWRENCE
_bG.O.A.L
300 _a68P
942 _cBK
999 _c570697
_d570697